[Event "Landesliga Sued U20 1819"]
[Site "Bayern"]
[Date "2019.01.26"]
[Round "4.4"]
[White "Frowein, Katja"]
[Black "Kaas, Felix"]
[Result "0-1"]
[WhiteElo "1109"]
[BlackElo "1347"]
[PlyCount "82"]
[EventDate "2018.11.17"]
[EventType "team-tourn"]
[EventRounds "7"]
[EventCountry "GER"]
[SourceTitle "EXT 2022"]
[Source "ChessBase"]
[SourceDate "2021.10.06"]
[SourceVersion "1"]
[SourceVersionDate "2021.10.06"]
[SourceQuality "1"]
[WhiteTeam "Garching U20"]
[BlackTeam "Groebenzell U20"]
[WhiteTeamCountry "GER"]
[BlackTeamCountry "GER"]

1. e4 e5 2. Nf3 Nc6 3. d4 exd4 4. Nxd4 Bc5 5. Nxc6 bxc6 6. Nc3 d6 7. Bd3 Be6 8. 0-0 Nf6 9. h3 0-0 10. Qe2 Re8 11. e5 dxe5 12. Qxe5 Bd6 13. Qd4 Bh2+ 14. Kxh2 Qxd4 15. Be3 Qd6+ 16. Kg1 Bd5 17. Nxd5 Qxd5 18. Rad1 Qxa2 19. b3 Qa5 20. Rfe1 Kf8 21. c4 Rab8 22. Ra1 Qb4 23. Rab1 a5 24. Kf1 Qd6 25. Bc2 Ne4 26. Rbd1 Qg6 27. Bc5+ Kg8 28. Re2 f5 29. Rde1 Nf6 30. Re5 Rxe5 31. Rxe5 Ne4 32. f3 Nxc5 33. Rxc5 Rf8 34. g4 Qd6 35. Rxa5 fxg4 36. c5 Rxf3+ 37. Ke2 Qh2+ 38. Ke1 Qf2+ 39. Kd1 Qd4+ 40. Ke2 Rf2+ 41. Ke1 Qd2# 0-1

[Event "Landesliga Sued U20 1819"]
[Site "Bayern"]
[Date "2018.11.17"]
[Round "1.4"]
[White "Stepanov, Maximilian"]
[Black "Kaas, Felix"]
[Result "1-0"]
[WhiteElo "1650"]
[BlackElo "1347"]
[PlyCount "131"]
[EventDate "2018.11.17"]
[EventType "team-tourn"]
[EventRounds "7"]
[EventCountry "GER"]
[SourceTitle "EXT 2022"]
[Source "ChessBase"]
[SourceDate "2021.10.06"]
[SourceVersion "1"]
[SourceVersionDate "2021.10.06"]
[SourceQuality "1"]
[WhiteTeam "Graefelfing SK U20"]
[BlackTeam "Groebenzell U20"]
[WhiteTeamCountry "GER"]
[BlackTeamCountry "GER"]

1. d4 d5 2. c4 Nf6 3. Nc3 e6 4. Nf3 Nc6 5. Bf4 Bd6 6. Bxd6 Qxd6 7. c5 Qe7 8. e3 a6 9. Be2 0-0 10. 0-0 e5 11. dxe5 Nxe5 12. Nxd5 Nxf3+ 13. Bxf3 Nxd5 14. Qxd5 Rd8 15. Qc4 c6 16. b4 Be6 17. Qc2 Rd7 18. Rfd1 Rad8 19. a3 g6 20. Qc3 Qg5 21. Kf1 Bg4 22. Rxd7 Rxd7 23. Bxg4 Qxg4 24. f3 Qe6 25. e4 Rd8 26. Ke2 Qd7 27. Qc2 Qd4 28. Rd1 Qf6 29. Rxd8+ Qxd8 30. Qb2 Qg5 31. g3 Qe7 32. Ke3 Qe6 33. h4 Qc4 34. Qd2 Qb3+ 35. Qd3 Qe6 36. Qd6 Qb3+ 37. Kf4 Qxa3 38. Qb8+ Kg7 39. Qxb7 Qc1+ 40. Ke5 Qc3+ 41. Kd6 Qxf3 42. Kxc6 Qxe4+ 43. Kc7 Qe5+ 44. Kb6 Qxg3 45. Kxa6 Qa3+ 46. Kb5 Qd3+ 47. Kb6 Qd8+ 48. Qc7 Qxh4 49. b5 Qe4 50. c6 h5 51. Qd7 Qe3+ 52. Kb7 Qe4 53. b6 h4 54. Kb8 Qe5+ 55. c7 g5 56. b7 Kg6 57. Kc8 h3 58. b8Q h2 59. Qb1+ Kg7 60. Kd8 Qf6+ 61. Ke8 Qf3 62. Qb2+ Kg6 63. Qxh2 Qe4+ 64. Kf8 Qa8+ 65. c8Q Qa1 66. Qxf7# 1-0